00906nam a2200277 i 4500001001000000003000900010005001700019007000300036008004100039020001800080040003000098041000800128082001900136100004200155245006300197264004500260300004500305336002700350337003300377338002800410590002600438910000700464942001400471952012600485999001700611000038571DO-SdBNP20250610133608.0ta250610s2011 dr a 000 0 spa d a9789945122077 aDO-SdBNPbspacBNPHUerda hspa axxxbP349m222 aPeña Geraldino, Rafaeleautor9125710aMatemática básica superior /cRafael Peña Geraldino. aSanto Domingo :bSusaeta Editores,c2011 a343 páginas :bilustraciones ;c30 cm. ardacontentbtexto2txt ardamediabsin mediación2n ardacarrierbvolumen2nc aInventariado, 2025/DG aDG 2ddccLBS1 00102ddc51708PDaBNPHUbBNPHUcCTd2025-06-10edonaciónl0oBNPHU PD P349mp2025-4999r2025-06-10w2025-06-10yLBS1 c59202d59202